Bilan économique et social 1987

Bewaard in:
Bibliografische gegevens
Formaat: Boek
Taal:Undetermined
Gepubliceerd in: Paris IDA LLefèbre 1987
Onderwerpen:
Tags: Voeg label toe
Geen labels, Wees de eerste die dit record labelt!
Thư viện lưu trữ: Trung tâm Học liệu Trường Đại học Cần Thơ
LEADER 00407nam a2200157Ia 4500
001 CTU_25867
008 210402s9999 xx 000 0 und d
082 |a 330.02 
082 |b B595 
245 0 |a Bilan économique et social 1987 
260 |a Paris 
260 |b IDA LLefèbre 
260 |c 1987 
650 |a economics 
904 |i Minh, 980930 
980 |a Trung tâm Học liệu Trường Đại học Cần Thơ